00573 2200205 4500001002100000008004100021035002000062245006200082100001900144250001000163260004800173300002700221020002200248084001600270520002900286082001000315650001800325990001200343990001200355INLIS000000000015125 ind  a0010-1222000204 aDunia DinosauruscRani Yulianty;Editor; Safitri Lusiana D aRANI, Yulianty acet.2 aBandung :bSygma Creative Media Corp,c2018 a29 hlm.; ilus.c27 cm. a978-979-055-518-1 a741.5 RAN d aBibliografi.:hlm 155-158 a741.5 aGAMBAR, KOMIK a10269 a a10269 b